Oscar Best Picture Nominees of the 1970s (no hints) - Statistics

General Stats
  • This quiz has been taken 54 times
  • The average score is 26 of 50
Answer Stats
Hint Answer % Correct
1971 Patton
93%
1973 The Godfather
89%
1975 The Godfather Part II
89%
1976 Jaws
85%
1977 Rocky
85%
1972 The French Connection
85%
1974 The Sting
85%
1976 One Flew Over the Cuckoo's Nest
81%
1979 The Deer Hunter
81%
1978 Star Wars
78%
1978 Annie Hall
74%
1973 Cabaret
74%
1970 Midnight Cowboy
74%
1974 The Exorcist
70%
1977 Taxi Driver
67%
1977 All the President's Men
63%
1979 Coming Home
63%
1977 Network
63%
1971 Five Easy Pieces
59%
1975 Chinatown
56%
1976 Dog Day Afternoon
56%
1971 Love Story
52%
1971 M*A*S*H
52%
1976 Nashville
52%
1972 A Clockwork Orange
48%
1970 Butch Cassidy and the Sundance Kid
48%
1978 The Goodbye Girl
48%
1972 The Last Picture Show
48%
1974 American Graffiti
44%
1975 Lenny
44%
1978 Julia
41%
1975 The Conversation
41%
1971 Airport
37%
1979 Heaven Can Wait
37%
1975 The Towering Inferno
37%
1976 Barry Lyndon
33%
1972 Fiddler on the Roof
33%
1978 The Turning Point
33%
1977 Bound for Glory
30%
1973 Deliverance
30%
1979 Midnight Express
30%
1973 Sounder
30%
1979 An Unmarried Woman
26%
1974 A Touch of Class
26%
1970 Z
26%
1970 Anne of the Thousand Days
22%
1974 Cries and Whispers
22%
1970 Hello, Dolly!
19%
1972 Nicholas and Alexandra
19%
1973 The Emigrants
15%
No matching quizzes found
Score Distribution
Percent of People with Each Score
Percentile by Number Answered
Your Score History
You have not taken this quiz